A Journal of the disasters in Afghanistan 1841-2 (Record no. 551910)

000 -LEADER
fixed length control field 00450nam a2200157Ia 4500
020 ## - INTERNATIONAL STANDARD BOOK NUMBER
International Standard Book Number 9693508955(hb)
082 ## - DEWEY DECIMAL CLASSIFICATION NUMBER
Classification number 958.1
Author Mark SAL
100 ## - MAIN ENTRY--PERSONAL NAME
Personal name Sale- Lady
9 (RLIN) 49073
245 ## - TITLE STATEMENT
Title A Journal of the disasters in Afghanistan 1841-2
260 ## - PUBLICATION, DISTRIBUTION, ETC.
Place of publication, distribution, etc. Lahore
Name of publisher, distributor, etc. Sang-e-Meel Publications
Date of publication, distribution, etc. 1999
300 ## - PHYSICAL DESCRIPTION
Extent 451p
526 ## - STUDY PROGRAM INFORMATION NOTE
Program name 0
Interest level 0
Reading level 0
Title point value 958_100000000000000_SAL
650 ## - SUBJECT ADDED ENTRY--TOPICAL TERM
Topical term or geographic name entry element Afghanistan -- History -- 19th Century
9 (RLIN) 49074
650 ## - SUBJECT ADDED ENTRY--TOPICAL TERM
Topical term or geographic name entry element MCE
9 (RLIN) 379
942 ## - ADDED ENTRY ELEMENTS (KOHA)
Source of classification or shelving scheme
Koha item type Book
Holdings
Withdrawn status Lost status Source of classification or shelving scheme Damaged status Not for loan Permanent Location Current Location Date acquired Total Checkouts Full call number Barcode Date last seen Price effective from Koha item type
          Military College of Engineering (MCE) Military College of Engineering (MCE) 01/01/2015   958.1 SAL MCE-44187 01/01/2015 01/01/2015 Book
© 2023 Central Library, National University of Sciences and Technology. All Rights Reserved.